| 000 | 00797aam a2200301 4500 | ||
|---|---|---|---|
| 005 | 20250701131016.0 | ||
| 008 | 150527b2010 xxu||||| |||| 00| 0 spa d | ||
| 041 | _aESP | ||
| 082 | _a005.58 G633g | ||
| 100 | _aGómez del Castillo, Rosario | ||
| 245 | _aGuía visual de Power Point 2010 | ||
| 260 |
_aEspaña _bAnaya _c2010 |
||
| 300 | _a191 páginas | ||
| 490 | _aTemática General | ||
| 650 | _aPROGRAMA PARA COMPUTADOR | ||
| 650 | _aPOWER POINT 2010 | ||
| 650 | _aCONFIGURACIÓN Y VISTAS | ||
| 650 | _aHERRAMIENTAS | ||
| 650 | _aPRESENTACIONES | ||
| 650 | _aCREACIÓN DE DIAPOSITIVAS | ||
| 650 | _aOBJETOS DE UNA DIAPOSITIVA | ||
| 650 | _aSMARTART | ||
| 650 | _aGRAFICOS | ||
| 650 | _aANIMACIONES | ||
| 650 | _aOPERACIONES | ||
| 650 | _aPUBLICACIÓN | ||
| 942 |
_cBK _2ddc |
||
| 999 |
_c2334 _d2334 |
||